000
00334nam a2200133Ia 4500
008
240624s9999 xx 000 0 und d
041
_a
eng
082
_a
823 MAA
100
_a
MAAS SARAH J
245
_a
TOWER OF DAWN A THRONE OF GLASS NOVEL
260
_c
2017
_a
New Delhi
_b
Bloomsbury
300
_a
664 p.; 19 cm.
365
_c
RS
_b
30
999
_c
29607
_d
29607